The evangelistic church. (Record no. 11012)

000 -LEADER
fixed length control field 00549nam a2200181 a 4500
001 - CONTROL NUMBER
control field :::00008805$&:&@@
003 - CONTROL NUMBER IDENTIFIER
control field OkBaRHE
005 - DATE AND TIME OF LATEST TRANSACTION
control field 20000607103346.0
008 - FIXED-LENGTH DATA ELEMENTS--GENERAL INFORMATION
fixed length control field s1927 j 000 0 eng u
040 ## - CATALOGING SOURCE
Transcribing agency
100 1# - MAIN ENTRY--PERSONAL NAME
Personal name Taylor, Fredrick Eugene.
245 14 - TITLE STATEMENT
Title The evangelistic church.
260 ## - PUBLICATION, DISTRIBUTION, ETC. (IMPRINT)
Place of publication, distribution, etc Philadelphia, PA., :
Name of publisher, distributor, etc The Judson Press
Date of publication, distribution, etc 1927
300 ## - PHYSICAL DESCRIPTION
Extent 232 p.
650 ## - SUBJECT ADDED ENTRY--TOPICAL TERM
Topical term or geographic name as entry element Evangelistic Work Study and Teaching
942 ## - ADDED ENTRY ELEMENTS (KOHA)
Source of classification or shelving scheme
Koha item type Books
Copies
Shelving location Not for loan Withdrawn status Full call number Permanent Location Damaged status Koha item type Date last seen Price effective from Copy number Source of classification or shelving scheme Barcode Date acquired Lost status
General Stacks  BV 3795 .T3RHEMA Bible Training College Books2010-04-142010-04-141 88052010-04-14